Normal view MARC view
  • Abu Syabib, Faisal

Entry Personal Name

Number of records used in: 1

001 - CONTROL NUMBER

  • control field: 2309

003 - CONTROL NUMBER IDENTIFIER

  • control field: OSt

005 - DATE AND TIME OF LATEST TRANSACTION

  • control field: 20170508140816.0

008 - FIXED-LENGTH DATA ELEMENTS

  • fixed length control field: 170508|| aca||aabn | a|a d

040 ## - CATALOGING SOURCE

  • Original cataloging agency: OSt
  • Transcribing agency: OSt

100 ## - HEADING--PERSONAL NAME

  • Personal name: Abu Syabib, Faisal

670 ## - SOURCE DATA FOUND

  • Source citation: Work cat.: (OSt)0: Abu Syabib, Faisal, Bagaimana dan mengapa kita perlu menghafal al-Quran /, 1986
Pusat Sumber Maklumat Dato' Haji Sarmin Md Hussin, Akademi Kastam Diraja Malaysia, Melaka
Tel: 06-2331106 | Faks: 06-2313787